LEADER 01484nam 2200361 n 450 001 996385583503316 005 20200824121134.0 035 $a(CKB)1000000000604937 035 $a(EEBO)2240944223 035 $a(UnM)99847203e 035 $a(UnM)99847203 035 $a(EXLCZ)991000000000604937 100 $a19911125d1634 uy | 101 0 $aeng 135 $aurbn||||a|bb| 200 14$aThe art of archerie$b[electronic resource] $eShewing how it is most necessary in these times for this kingdome, both in peace and war, and how it may be done without charge to the country, trouble to the people, or any hinderance to necessary occasions. Also, of the discipline, the postures, and whatsoever else is necessarie for the attayning to the art 210 $aLondon $cPrinted by B[ernard] A[lsop] and T[homas] F[awcett] for Ben: Fisher, and are to be sold at his shop, at the signe of the Talbot without Aldersgate$d1634 215 $a[24], 172 p. $cill. (woodcut) 300 $aDedication signed: Geruase Markham. 300 $aPrinters' names from STC. 300 $aReproduction of the original in the British Library. 330 $aeebo-0018 606 $aArchery$vEarly works to 1800 615 0$aArchery 700 $aMarkham$b Gervase$f1568?-1637.$0877321 801 0$bCu-RivES 801 1$bCu-RivES 801 2$bCStRLIN 801 2$bWaOLN 906 $aBOOK 912 $a996385583503316 996 $aThe art of archerie$92420900 997 $aUNISA LEADER 01164nas 2200337 a 450 001 996216240803316 005 20221206111518.0 011 $a1743-9329 035 $a(OCoLC)56514905 035 $a(CKB)954925516533 035 $a(CONSER) 2012236804 035 $a(DE-599)ZDB2114288-9 035 $a(EXLCZ)99954925516533 100 $a20040915a19729999 sy a 101 0 $aeng 135 $aurmn|||||| 200 14$aThe Journal of imperial and Commonwealth history 210 $aLondon $cF. Cass 210 3 $aAbingdon, UK $cRoutledge Journals, Taylor & Francis 300 $aTitle from EBSCOhost electronic journals service"available issues" page (viewed Sept. 15, 2004). 300 $aRefereed/Peer-reviewed 311 $a0308-6534 607 $aCommonwealth countries$xHistory$vPeriodicals 607 $aGreat Britain$xColonies$xHistory$vPeriodicals 607 $aPays du Commonwealth$xHistoire$vPe?riodiques 607 $aGrande-Bretagne$xColonies$xHistoire$vPe?riodiques 676 $a909/.0971241 906 $aJOURNAL 912 $a996216240803316 996 $aThe Journal of imperial and Commonwealth history$92093005 997 $aUNISA